000 01377nam a22002417a 4500
999 _c58627
_d58627
003 Ge_BSU
005 20220617124244.0
008 220617s2013 ge ||||| |||| 00| 0 geo d
020 _a9789941181511
041 _ageo
080 _a27-277 ბ-65
245 _aბიბლია პოსტმოდერნული პერსპექტივიდან /
_cსავლე წერეთლის ფილოსოფიის ინ-ტი ; შემდგ. და მთ. რედ. თამარ ცოფურაშვილი.
264 _aთბ. :
_bილიას სახელმწ. უნ-ტი,
_c2013.
300 _a227 გვ. :
_bილ. ;
_c24 სმ.
504 _a ბიბლიოგრ. ტექსტის შენიშვნ.
653 _aბიბლიის განმარტება
700 _aცოფურაშვილი, თამარ
_eშემდგ.-რედ.-მთარგმნელი
_911793
700 _aბლუმენბერგი, ჰანს
_eავტორი
_914132
700 _aეკო, უმბერტო
_eავტორი
_910255
700 _aჰენაფი, მარსელ და სხვ.
_eავტორი
_914133
710 _a/ სავლე წერეთლის ფილოსოფიის ინ-ტი
_914134
942 _2udc
_cBK